Statistics for Equines A-Z

Click here to take the quiz!

General Stats

  • This quiz has been taken 57 times
  • The average score is 8 of 26

Answer Stats

Answer% Correct
Donkey
88%
Zebra
72%
Appaloosa
66%
Clydesdale
53%
Quarter Horse
50%
Shire
34%
Friesian
31%
Morgan
31%
Thoroughbred
31%
Haflinger
28%
Lipizzaner
28%
Icelandic Horse
25%
Welsh Pony
25%
Gypsy Vanner
22%
Knabstrupper
22%
New Forest
22%
Oldenburg
22%
Belgian Horse
19%
Exmoor pony
16%
Jutland Horse
13%
Paso Fino
13%
Rocky Mountain Horse
13%
Ukrainian Riding Horse
9%
Vyatka
9%
Xilingol
9%
Yakut Pony
9%

Score Distribution

Percentile by Number Answered

Percent of People with Each Score

Your Score History

You have not taken this quiz